Kier Regional Ltd (t/a Wallis) v City and General (Holborn) Ltd and 1: Cambridge Gate Properties Ltd, 2: Temple Guiting Manor Limited (2) (Record no. 80957)

MARC details
000 -LEADER
fixed length control field 02625cab a22003375 4500
001 - CONTROL NUMBER
control field L145869
008 - FIXED-LENGTH DATA ELEMENTS--GENERAL INFORMATION
fixed length control field 081117e20081017xxk f v 000 0 eng u
035 ## - SYSTEM CONTROL NUMBER
System control number (Sirsi) u145869
041 0# - LANGUAGE CODE
Language code of text/sound track or separate title eng
245 00 - TITLE STATEMENT
Title Kier Regional Ltd (t/a Wallis) v City and General (Holborn) Ltd and 1: Cambridge Gate Properties Ltd, 2: Temple Guiting Manor Limited (2)
Medium [electronic resource]
260 ## - PUBLICATION, DISTRIBUTION, ETC.
Date of publication, distribution, etc. 2008
520 ## - SUMMARY, ETC.
Summary, etc. [2008] EWHC 2454 (TCC), 10 October 2008. The case discusses the conditions for interim third party debt orders to be made final. City and General (Holborn) (H) entered into a joint venture with Cambridge Gate Properties Limited and Temple Guiting Manor Limited (C), to buy a property. H contracted with Kier (K) to carry out development on the property. Problems followed. K obtained an adjudicator's award against H for delay-related losses and expenses. K obtained summary judgment to enforce the award but H did not pay it. K made an application to finalise interim third party debt orders against C. K thereby tried to enforce a judgment against H. H on his side made an application for a stay of execution of the judgment given against them in March 2006. "Held": The sums were not debts, but contingent liabilities. No profit or loss could be ascertained until determination of the development costs. No final party debt order could be made. K would be prevented from using other enforcement proceedings, at least until arbitration could be concluded.
520 ## - SUMMARY, ETC.
Summary, etc. See L133402
650 24 - SUBJECT ADDED ENTRY--TOPICAL TERM
Topical term or geographic name entry element KIER REGIONAL LTD (T/A WALLIS) V CITY AND GENERAL (HOLBORN) LTD
650 24 - SUBJECT ADDED ENTRY--TOPICAL TERM
Topical term or geographic name entry element BJ CRABTREE (INSULATION) LTD V GPT COMMUNICATION SYSTEMS
650 24 - SUBJECT ADDED ENTRY--TOPICAL TERM
Topical term or geographic name entry element BOUYGUES UK LTD V DAHL-JENSEN UK LTD
650 24 - SUBJECT ADDED ENTRY--TOPICAL TERM
Topical term or geographic name entry element CARILLION CONSTRUCTION LTD V DEVONPORT ROYAL DOCKYARD LTD
650 24 - SUBJECT ADDED ENTRY--TOPICAL TERM
Topical term or geographic name entry element D WILSON (BIRMINGHAM) LIMITED V METROPOLITAN PROPERTY DEVELOPMENTS LIMITED
650 24 - SUBJECT ADDED ENTRY--TOPICAL TERM
Topical term or geographic name entry element HARLOW AND MILNER V TEASDALE
650 24 - SUBJECT ADDED ENTRY--TOPICAL TERM
Topical term or geographic name entry element HERSCHEL ENGINEERING LTD V BREEN PROPERTY LTD
650 24 - SUBJECT ADDED ENTRY--TOPICAL TERM
Topical term or geographic name entry element INDUSTRIAL SERVICES LTD V CLEVELAND BRIDGE (UK) LTD
650 24 - SUBJECT ADDED ENTRY--TOPICAL TERM
Topical term or geographic name entry element JAMES MILLER AND PARTNERS LIMITED V WHITWORTH STREET ESTATES (MANCHESTER) LIMITED
650 24 - SUBJECT ADDED ENTRY--TOPICAL TERM
Topical term or geographic name entry element KELLOGG BROWN AND ROOT INC V CONCORDIA MARITIME AG
650 24 - SUBJECT ADDED ENTRY--TOPICAL TERM
Topical term or geographic name entry element MAGGS V MARSH
650 24 - SUBJECT ADDED ENTRY--TOPICAL TERM
Topical term or geographic name entry element MEARS V SAFECAR SECURITY LIMITED
650 24 - SUBJECT ADDED ENTRY--TOPICAL TERM
Topical term or geographic name entry element ROBERTS PETROLEUM LTD V BERNARD KENNY LTD
650 24 - SUBJECT ADDED ENTRY--TOPICAL TERM
Topical term or geographic name entry element WIMBLEDON CONSTRUCTION COMPANY 2000 LTD V DEREK VARGO
690 ## - LOCAL SUBJECT ADDED ENTRY--TOPICAL TERM (OCLC, RLIN)
Topical term or geographic name as entry element MANAGEMENT AND RESOLUTION-ALTERNATIVE DISPUTE RESOLUTION-ADJUDICATION
856 41 - ELECTRONIC LOCATION AND ACCESS
Uniform Resource Identifier <a href="https://www.bailii.org/ew/cases/EWHC/TCC/2008/2454.html">https://www.bailii.org/ew/cases/EWHC/TCC/2008/2454.html</a>
Public note View the item free of charge at www.bailii.org...
942 ## - ADDED ENTRY ELEMENTS (KOHA)
Suppress in OPAC 0
Holdings
Withdrawn status Lost status Source of classification or shelving scheme Damaged status Not for loan Home library Current library Shelving location Date acquired Total Checkouts Full call number Barcode Date last seen Copy number Price effective from Koha item type
    Dewey Decimal Classification     Virtual Virtual Online 17/11/2008   ONLINE PUBLICATION 145869-2001 06/08/2019 1 06/08/2019 Law report